000 00364 a2200133 4500
001 91646
082 _aPR 1613
090 _c43803
_d43802
100 _aMuhammad Afzaal; Prof Sikander Hayat, Advisors
245 _aThreat Analysis of AN/ APN Using Microcontroller
_n52 "B" EC
260 _aRawalpindi
_bNUST
_c2000
300 _a66p
500 _aBE Project Reports
942 _aCAE NUST
_kPR 1613
999 _c326719
_d326719